000 00509nam a2200145 4500
999 _c13163
_d13163
008 190208b ||||| |||| 00| 0 eng d
022 _a2094-8042
082 _2DPer 370.105 M72 Jan-Dec 2011 v59-60
100 _aMontaƱez, Marites S.
_936826
245 _aLesson plan in English VI (four-pronged approach)/
_cMarites S. MontaƱez.
260 _aPhilippines:
_bIn the Grade School, Inc.,
_cc2011.
300 _av60 n5, pages 208-210;
_c27cm.
650 _aProgrammed instruction.
_936827
942 _2ddc
_cPER